Southville International School and Colleges
Your cart is empty.
  • Cart
  • Lists
    Public lists Eva Luna New books Lux_list list_1
    Your lists Log in to create your own lists
  • Log in to your account
  • Your cookies
  • Search history
Southville International School and Colleges
  • Advanced search
  • Recent comments
  • Most popular
  • Libraries

Log in to your account

Log in with GOOGLE


If you do not have an external account, but do have a local account, you can still log in:

  1. Home
  2. MARC view: Everything you need to know about the dangers of cosmetic surgery /
Normal view MARC view ISBD view

Everything you need to know about the dangers of cosmetic surgery / (Record no. 9231)

[ view plain ]
MARC details
000 -LEADER
fixed length control field 00665nam a22002057a 4500
003 - CONTROL NUMBER IDENTIFIER
control field SISC
005 - DATE AND TIME OF LATEST TRANSACTION
control field 20160204085354.0
008 - FIXED-LENGTH DATA ELEMENTS--GENERAL INFORMATION
fixed length control field 130823t xxu||||| |||| 00| 0 eng d
020 ## - INTERNATIONAL STANDARD BOOK NUMBER
International Standard Book Number 9780823935529
050 ## - LIBRARY OF CONGRESS CALL NUMBER
Classification number RD 118.7
Item number .Al42 2002
082 ## - DEWEY DECIMAL CLASSIFICATION NUMBER
Classification number HS 617.95
Item number .Al1 2002
100 ## - MAIN ENTRY--PERSONAL NAME
Personal name Alagna, Magdalena.
9 (RLIN) 9975
245 ## - TITLE STATEMENT
Title Everything you need to know about the dangers of cosmetic surgery /
Statement of responsibility, etc Magdalena Alagna
250 ## - EDITION STATEMENT
Edition statement 1st edition
260 ## - PUBLICATION, DISTRIBUTION, ETC. (IMPRINT)
Place of publication, distribution, etc New York :
Name of publisher, distributor, etc The Rosen Publishing Group,
Date of publication, distribution, etc c2002.
300 ## - PHYSICAL DESCRIPTION
Extent 64 p, :
Other physical details ill, ;
Dimensions 24 cm.
650 ## - SUBJECT ADDED ENTRY--TOPICAL TERM
Topical term or geographic name as entry element Surgery, Plastic.
General subdivision Complications.
-- Juvenile literature.
9 (RLIN) 12890
942 ## - ADDED ENTRY ELEMENTS (KOHA)
Source of classification or shelving scheme Library of Congress Classification
Koha item type Books
Holdings
Withdrawn status Lost status Source of classification or shelving scheme Damaged status Home library Current library Shelving location Date acquired Total Checkouts Full call number Barcode Date last seen Copy number Price effective from Koha item type
    Library of Congress Classification   Luxembourg Library Luxembourg Library High School Section 08/23/2013   RD 118.7 .Al42 2002 17142 08/23/2013 1 08/23/2013 Books

Everything you need to know about the dangers of cosmetic surgery /

APA

Alagna M., . (2002). Everything you need to know about the dangers of cosmetic surgery. New York: The Rosen Publishing Group.

Chicago

Alagna Magdalena, . 2002. Everything you need to know about the dangers of cosmetic surgery. New York: The Rosen Publishing Group.

Harvard

Alagna M., . (2002). Everything you need to know about the dangers of cosmetic surgery. New York: The Rosen Publishing Group.

MLA

Alagna Magdalena, . Everything you need to know about the dangers of cosmetic surgery. New York: The Rosen Publishing Group. 2002.

  • Place hold
  • Print
  • Cite
  • Add to your cart (remove)
  • Save record
    BIBTEX Dublin Core MARCXML MARC (non-Unicode/MARC-8) MARC (Unicode/UTF-8) MARC (Unicode/UTF-8, Standard) MODS (XML) RIS
  • More searches
    Search for this title in:
    Other Libraries (WorldCat) Other Databases (Google Scholar) Online Stores (Bookfinder.com) Open Library (openlibrary.org)

Exporting to Dublin Core...

SOUTHVILLE LIBRARY

Southville International School and Colleges Library

1281 Tropical Ave. Cor. Luxembourg St., BF Homes International, Las Pinas City

Tel. No. 8256374 / 252358 Loc. 117/146

Powered by Koha